| 000 | 01399nam a2200289 4500 | ||
|---|---|---|---|
| 003 | EC-UNACH | ||
| 006 | s||||gr|||| 00| 00 | ||
| 008 | 150116t9999 mx r gr 000 0 spa d | ||
| 020 | _a9978-22-377-0 | ||
| 040 |
_aEC-UNACH _cEC-UNACH |
||
| 041 | _aspa | ||
| 082 | 0 | 4 |
_223 _a342.08 _bL017450 |
| 100 | _aRoldan, Roque | ||
| 245 |
_aManual para la formación en Derechos Indígenas _bTerritorios, recursos naturales y convenios internacionales |
||
| 250 | _aPrimera Edición | ||
| 264 |
_aQuito _bAbya Yala _c2004 |
||
| 300 |
_a283 paginas _c28 cm. |
||
| 500 | _aEsta publicación es una guía referencial que muestra las posibilidades jurídicas respecto a derechos indígenas en los países andino-amazónicos | ||
| 505 | _aDerechos Territoriales Indígenas.- Antecedentes históricos políticos del tratamiento de la territorialidad indígena.- Actuales políticas Indígenas.- Actuales políticas sobre territorialidad Indígena.- Significado de los derechos territoriales indígenas por países.- Tratamiento legal a los indígenas según declaraciones y convenios de orden internacional.- La cuestión indígena y las organizaciones internacionales.- | ||
| 650 | _aRECURSOS NATURALES | ||
| 650 | _aCONVENIOS | ||
| 650 | _aCOOPERACIÓN | ||
| 942 |
_2ddc _c1 |
||
| 999 | _c14459 | ||